Name That Font Quiz Stats

 Plays Quiz Updated Dec 17, 2018

     
Support Sporcle.
Go Orange.
Score 0/16 Timer 05:00
1 Play Today
% Correct
Times New Roman
90.6%
Arial
83.7%
Comic Sans
73.9%
Courier
42.5%
Papyrus
36.4%
Helvetica
36.3%
Impact
34.7%
Verdana
24.8%
% Correct
Stencil
21.4%
Garamond
15.4%
Symbol
13.9%
Copperplate Gothic
12.5%
Brush Script
11%
Bauhaus
10.9%
Herculanum
3.3%
Tekton
3.2%

From the Vault

Sunday Crossword: Brave the Elements

by Purple_Parrot

We're talking about a little more than just earth, fire, wind, and water.
Remove Ads.
Support Sporcle.
Get the best of Sporcle when you Go Orange. This ad-free experience offers more features, more stats, and more fun while also helping to support Sporcle. Thank you for becoming a member.

Show Comments

Extras

Top Quizzes Today


Score Distribution

Your Account Isn't Verified!

In order to create a playlist on Sporcle, you need to verify the email address you used during registration. Go to your Sporcle Settings to finish the process.

Report this User

Report this user for behavior that violates our Community Guidelines.

Details: